|
|
|
|
| LEADER |
01219nam a2200325 a 4500 |
| 001 |
000572649 |
| 003 |
CZ BrMZK |
| 005 |
20040804072046.0 |
| 008 |
010825s1972 xr f cze d |
| 015 |
|
|
|a cnb000436467
|
| 035 |
|
|
|a (OCoLC)42183693
|
| 040 |
|
|
|a BOA001
|b cze
|c BOA001
|
| 080 |
|
|
|a 517
|2 MRF
|
| 080 |
|
|
|a (075.8)
|2 MRF
|
| 080 |
|
|
|a (076.5)
|2 MRF
|
| 100 |
1 |
|
|a Lukeš, Jaroslav,
|d 1940-
|7 jo20000072553
|4 aut
|
| 245 |
1 |
0 |
|a Příklady z matematické analýzy.
|n [Část] 1,
|p Příklady k teorii Lebesgueova integrálu /
|c Jaroslav Lukeš
|
| 246 |
3 |
0 |
|a Příklady k teorii Lebesgueova integrálu
|
| 250 |
|
|
|a 1. vyd.
|
| 260 |
|
|
|a Praha :
|b Státní pedagogické nakladatelství,
|c 1972
|
| 300 |
|
|
|a 275 s.
|
| 500 |
|
|
|a Fak. matematicko-fyzikální
|
| 500 |
|
|
|a Universita Karlova v Praze
|
| 650 |
0 |
7 |
|a matematická analýza
|7 ph115238
|x úlohy
|2 czenas
|
| 655 |
|
7 |
|a učebnice vysokých škol
|7 fd133772
|2 czenas
|
| 655 |
|
7 |
|a praktická cvičení
|7 fd133118
|2 czenas
|
| 710 |
2 |
|
|a Univerzita Karlova.
|b Matematicko-fyzikální fakulta
|7 kn20010710349
|
| 910 |
|
|
|a BOA001
|b TK-A-0163.711,1
|
| 990 |
|
|
|a BK
|
| 996 |
7 |
|
|b 2629972291
|c TK-A-0163.711,1
|l MZK
|r Sklad / do 24 hodin
|n 5
|w 000572649
|u 000010
|a 1
|e BOA001
|j MZK50
|s A
|